[Event "8th RTU Open 2018"]
[Site "Riga"]
[Date "2018.08.09"]
[Round "6"]
[White "Sinz, Bernhard"]
[Black "Pavlov, Sergey"]
[Result "1-0"]
[WhiteElo "2377"]
[BlackElo "2003"]
[Annotator "NA"]
[PlyCount "63"]
[EventDate "2018.08.06"]
[EventType "swiss"]
[EventCountry "LAT"]
[SourceTitle "playchess.com"]
[Source "ChessBase"]
[SourceQuality "1"]
[TimeControl "5400+30"]

1. e4 {[%emt 0:00:00]} Nf6 {[%emt 0:00:00]} 2. e5 {[%emt 0:00:00]} Nd5 {[%emt 0:00:00]} 3. d4 {[%emt 0:00:00]} d6 {[%emt 0:00:10]} 4. Nf3 {[%emt 0:00:25]} Bg4 {[%emt 0:00:53]} 5. Be2 {[%emt 0:00:38]} c6 {[%emt 0:00:11]} 6. h3 {[%emt 0:08:11]} Bxf3 {[%emt 0:01:12]} 7. Bxf3 {[%emt 0:00:02]} dxe5 {[%emt 0:00:24]} 8. dxe5 {[%emt 0:00:09]} e6 {[%emt 0:00:42]} 9. O-O {[%emt 0:02:05]} Nd7 {[%emt 0:00:38]} 10. Qe2 {[%emt 0:01:25]} Qc7 {[%emt 0:01:44]} 11. Re1 {[%emt 0:02:08]} Bc5 {[%emt 0:16:14]} 12. c4 {[%emt 0:18:31]} Ne7 {[%emt 0:01:49]} 13. Bd2 {[%emt 0:02:59]} Bd4 {[%emt 0:05:25]} 14. Bc3 {[%emt 0:02:40]} Bxc3 {[%emt 0:05:25]} 15. Nxc3 {[%emt 0:00:03]} Ng6 {[%emt 0:01:24]} 16. Bh5 {[%emt 0:02:12]} Ndxe5 {[%emt 0:04:49]} 17. f4 {[%emt 0:02:33]} Nd7 {[%emt 0:01:41]} 18. f5 {[%emt 0:07:26]} Nf4 {[%emt 0:03:57]} 19. Bxf7+ {[%emt 0:05:02]} Kxf7 {[%emt 0:01:23]} 20. fxe6+ {[%emt 0:00:08]} Kg8 {[%emt 0:00:55]} 21. Qf3 {[%emt 0:09:39]} Nc5 {[%emt 0:23:50]} 22. e7 {[%emt 0:14:21]} Re8 {[%emt 0:00:30]} 23. g3 {[%emt 0:10:11]} Nfd3 {[%emt 0:05:23]} 24. Nd5 {[%emt 0:01:08]} Nxe1 {[%emt 0:03:13]} 25. Rxe1 {[%emt 0:00:03]} Qd6 {[%emt 0:05:52]} 26. Rf1 {[%emt 0:01:11]} h6 {[%emt 0:00:15]} 27. Qf7+ {[%emt 0:00:14]} Kh7 {[%emt 0:00:05]} 28. Nf6+ {[%emt 0:00:09]} Qxf6 {[%emt 0:00:12]} 29. Rxf6 {[%emt 0:00:08]} Rhg8 {[%emt 0:00:10]} 30. Qg6+ {[%emt 0:03:41]} Kh8 {[%emt 0:00:05]} 31. Qh5 {[%emt 0:00:40]} Kh7 {[%emt 0:01:03]} 32. Rf8 {[%emt 0:01:43]} 1-0

[Event "8th RTU Open 2018"]
[Site "Riga"]
[Date "2018.08.09"]
[Round "6"]
[White "Sirosh, Ilja"]
[Black "Lobanov, Sergei"]
[Result "1/2-1/2"]
[WhiteElo "2372"]
[BlackElo "2531"]
[Annotator "TA"]
[PlyCount "84"]
[EventDate "2018.08.06"]
[EventType "swiss"]
[EventCountry "LAT"]
[SourceTitle "playchess.com"]
[Source "ChessBase"]
[SourceQuality "1"]

{[%evp 21,84,4,18,0,26,15,21,24,16,20,28,24,27,3,15,-28,-10,-95,-84,-113,-94,-108,-18,-54,-35,-38,-21,-86,-81,-98,-85,-114,-81,-105,-39,-37,-41,-43,0,0,0,0,11,0,0,0,0,0,0,0,0,0,0,0,0,0,6,0,0,0,0,-11,0,0,0]} 1. c4 e5 2. g3 Nf6 3. Bg2 d5 4. cxd5 Nxd5 5. Nc3 Nb6 6. Nf3 Nc6 7. O-O Be7 8. Rb1 O-O 9. b4 a6 10. a3 {A29: English Opening: Four Knights Variation with 4 g3} Re8 11. d3 Bf8 {LiveBook: 22 Games} 12. Bd2 $146 ({Predecessor:} 12. Bb2 Rb8 13. Rc1 Bg4 14. h3 Bxf3 15. Bxf3 Nd4 16. Bg2 c6 17. e3 Ne6 {½-½ (49) Johansson,L (2399)-Nikolic,P (2622) Germany 2016}) 12... Nd4 13. Ne4 Rb8 14. Nc5 Nd7 15. Nxd4 exd4 16. Nb3 Nf6 17. Bc1 b6 {[%cal Bb7b6,Bb6c5][%mdl 32]} 18. e4 dxe3 19. fxe3 (19. Bxe3 $11 {remains equal.} Bb7 20. Bxb7 Rxb7 21. Bg5) 19... c5 $17 20. bxc5 bxc5 21. Qc2 Bd7 (21... Ng4 $17 22. Be4 Rb6) 22. Nd2 Bb5 ({Much worse is} 22... Rxe3 $6 23. Rxb8 Qxb8 24. Ne4 $14) 23. Nc4 Ba4 24. Qxa4 (24. Rxb8 $11 Bxc2 25. Rxd8 Rxd8 26. Ne5) 24... Rxb1 25. Qc2 Rb8 26. e4 Qd7 27. Bb2 Qe6 (27... Red8 $17 28. Rd1 Be7) 28. Bxf6 gxf6 29. Rf5 Bd6 30. Bh3 {The position is equal.} Qe7 31. Rh5 Be5 32. Qe2 Qd8 33. Bf5 {[#] Strongly threatening Qg4+.} Qd4+ 34. Kg2 {Qg4+ is the strong threat.} Rb2 35. Nxb2 Qxb2 36. Qxb2 Bxb2 $11 {[%mdl 4096] Endgame KRB-KRB} 37. Bd7 Rd8 38. Rd5 Bxa3 39. Ba4 Rb8 40. Rd7 Rb2+ 41. Kf3 Rxh2 42. Bb3 Bb2 {Precision: White = 40%, Black = 51%.} 1/2-1/2

[Event "8th RTU Open 2018"]
[Site "Riga"]
[Date "2018.08.09"]
[Round "6"]
[White "Shishkov, Andrei"]
[Black "Annaberdiev, Meilis"]
[Result "1/2-1/2"]
[WhiteElo "2370"]
[BlackElo "2509"]
[Annotator "TA"]
[PlyCount "83"]
[EventDate "2018.08.06"]
[EventType "swiss"]
[EventCountry "LAT"]
[SourceTitle "playchess.com"]
[Source "ChessBase"]
[SourceQuality "1"]

{[%evp 23,83,0,0,0,14,10,0,0,27,25,19,16,32,0,0,0,0,0,0,0,0,0,0,0,0,0,0,-7,0,-9,0,-9,0,0,0,0,0,0,0,0,0,0,0,0,0,0,0,0,0,0,0,0,0,0,0,0,0,0,0,0,0,0]} 1. d4 Nf6 2. c4 e6 3. Nc3 Bb4 4. Qc2 O-O 5. e4 d5 6. e5 Ne4 7. Bd3 c5 8. Nf3 {E32: Nimzo-Indian: Classical (4 Qc2): 4...0-0} cxd4 9. Nxd4 Nd7 10. Bxe4 dxe4 11. Qxe4 Qa5 12. O-O Qxe5 {LiveBook: 7 Games} 13. Qh4 a6 {[#]} 14. Nde2 $146 ({Predecessor:} 14. Nf3 Qf6 15. Bg5 Qg6 {½-½ (98) Li,C (2687)-Tomashevsky,E (2733) St Petersburg 2012}) 14... Nf6 15. Rd1 Bxc3 (15... Be7 {looks sharper.} 16. Qf4 Qa5 17. Bd2 Qb6 18. b3 Bd7) 16. Nxc3 b5 17. cxb5 axb5 18. Qg5 Qxg5 {The position is equal.} 19. Bxg5 b4 20. Bxf6 gxf6 21. Ne4 f5 22. Nc5 Ba6 23. Nxa6 Rxa6 $11 {[%mdl 4096] Endgame KRR-KRR} 24. g3 Rc8 25. Rd3 Kg7 26. Rb3 Rc4 27. a3 bxa3 28. Raxa3 Rxa3 29. bxa3 {KR-KR} Rc1+ 30. Kg2 Ra1 31. Kf3 Ra2 32. h3 h5 33. h4 Kg6 34. Ke3 e5 35. Kf3 f6 36. Rc3 Rd2 37. a4 Ra2 38. Rc4 Ra3+ 39. Ke2 Kf7 40. Rb4 Kg6 41. Rc4 Kf7 42. Rb4 {Precision: White = 78%, Black = 70%.} 1/2-1/2

[Event "8th RTU Open 2018"]
[Site "Riga"]
[Date "2018.08.09"]
[Round "6"]
[White "Dordzhieva, Dinara"]
[Black "Laurusas, Tomas"]
[Result "0-1"]
[WhiteElo "2314"]
[BlackElo "2463"]
[Annotator "TA"]
[PlyCount "72"]
[EventDate "2018.08.06"]
[EventType "swiss"]
[EventCountry "LAT"]
[SourceTitle "playchess.com"]
[Source "ChessBase"]
[SourceQuality "1"]

{[%evp 17,72,-16,-35,-23,-30,-40,-40,-45,-14,-42,-44,-44,-44,-73,-78,-87,-107,-133,-140,-137,-122,-156,-146,-152,-130,-135,-129,-204,-169,-179,-141,-166,-163,-168,-166,-225,-220,-190,-175,-216,-192,-320,-361,-524,-453,-522,-483,-500,-500,-512,-504,-887,-906,-1129,-1118,-1805,-1789]} 1. Nf3 d5 2. g3 Nf6 3. c4 d4 4. Bg2 c5 5. O-O Nc6 6. e3 {A09: Réti Opening: 1 Nf3 d5 2 c4} Nd7 (6... e5 7. exd4 exd4 8. d3 Be7 9. Bf4 O-O 10. Re1 Nh5 11. Bc1 Nf6 12. Na3 a6 13. Ne5 Nxe5 14. Rxe5 Bd6 15. Re1 Rb8 16. Nc2 h6 {½-½ (38) Fedoseev,V (2771)-Anand,V (2758) Riadh 2017}) 7. exd4 cxd4 8. d3 e5 9. Re1 Be7 {LiveBook: 10 Games} 10. a3 $146 ({Predecessor:} 10. Na3 O-O 11. Nc2 a5 12. a3 Re8 {1-0 (38) Pantsulaia,L (2556)-Zhigalko,S (2656) Nakhchivan 2013}) 10... a5 $1 11. b3 O-O 12. Nbd2 Re8 13. Rb1 h6 14. h3 Qc7 15. g4 Nc5 16. Ne4 Nxe4 17. dxe4 Be6 18. Qd3 Nb8 {[%cal Bc6b8,Bb8a6,Ba6c5][%mdl 32]} 19. Nd2 Na6 20. Qg3 Nc5 21. a4 Bg5 22. Rd1 (22. Nf3 $17 {was necessary.}) 22... Ra6 23. Ba3 Rb6 24. Nf1 Rd8 25. Qf3 Bc8 26. Ng3 (26. Bxc5 $142 Qxc5 27. Qd3) 26... Rf6 $19 27. Qe2 g6 28. Qe1 d3 {[%cal Bd4d3,Bd3d2][%mdl 32]} 29. Nf1 {[#]} (29. Rb2 $142) 29... d2 $1 {[%cal Rd2e1][%mdl 512]} 30. Qe2 (30. Rxd2 $142 Bxd2 31. Nxd2) (30. Nxd2 Nd3) 30... Nd3 {Black is clearly winning.} 31. f3 Qb6+ 32. c5 Nxc5 33. Qf2 Rc6 34. Bb2 (34. Bxc5 $142 Qxc5 35. h4 Qxf2+ 36. Kxf2 Bxh4+ 37. Ke2) 34... Qc7 35. Nxd2 Nd3 36. Qf1 Qb6+ {Precision: White = 43%, Black = 74%.} 0-1

[Event "8th RTU Open 2018"]
[Site "Riga"]
[Date "2018.08.09"]
[Round "6"]
[White "Chukavin, Kirill"]
[Black "Gorodetzky, David"]
[Result "1/2-1/2"]
[WhiteElo "2291"]
[BlackElo "2451"]
[Annotator "ChessBase"]
[PlyCount "115"]
[EventDate "2018.08.06"]
[EventType "swiss"]
[EventCountry "LAT"]
[SourceTitle "playchess.com"]
[Source "ChessBase"]
[SourceQuality "1"]
[TimeControl "5400+30"]

1. e4 {[%emt 0:00:00]} e6 {[%emt 0:00:46]} 2. d4 {[%emt 0:00:00]} d5 {[%emt 0:00:05]} 3. Nd2 {[%emt 0:00:00]} c5 {[%emt 0:02:36]} 4. exd5 {[%emt 0:00:52]} Qxd5 {[%emt 0:00:41]} 5. Ngf3 {[%emt 0:00:33]} cxd4 {[%emt 0:00:41]} 6. Bc4 {[%emt 0:00:09]} Qd7 {[%emt 0:00:06]} 7. O-O {[%emt 0:00:40]} Nc6 {[%emt 0:01:19]} 8. Nb3 {[%emt 0:00:39]} a6 {[%emt 0:06:23]} 9. Nbxd4 {[%emt 0:05:47]} Nxd4 {[%emt 0:00:45]} 10. Nxd4 {[%emt 0:00:17]} Nf6 {[%emt 0:01:14]} 11. Re1 {[%emt 0:07:20]} Bc5 {[%emt 0:02:00]} 12. Nb3 {[%emt 0:08:20]} Bd6 {[%emt 0:01:26]} 13. h3 {[%emt 0:05:12]} Qc7 {[%emt 0:03:15]} 14. Bd3 {[%emt 0:01:55]} Bd7 {[%emt 0:05:20]} 15. c4 {[%emt 0:10:39]} Rd8 {[%emt 0:06:08]} 16. Qe2 {[%emt 0:07:31]} Bh2+ {[%emt 0:14:30]} 17. Kh1 {[%emt 0:02:34]} Bf4 {[%emt 0:00:57]} 18. Bxf4 {[%emt 0:18:32]} Qxf4 {[%emt 0:01:08]} 19. Qe3 {[%emt 0:00:23]} Qxe3 {[%emt 0:03:41]} 20. Rxe3 {[%emt 0:00:17]} Ke7 {[%emt 0:02:28]} 21. Be2 {[%emt 0:03:36]} Rc8 {[%emt 0:07:16]} 22. Nd4 {[%emt 0:02:03]} Rhd8 {[%emt 0:04:42]} 23. Rd1 {[%emt 0:04:34]} g6 {[%emt 0:01:25]} 24. f4 {[%emt 0:01:57]} Be8 {[%emt 0:09:24]} 25. f5 {[%emt 0:04:36]} Rd6 {[%emt 0:04:55]} 26. fxe6 {[%emt 0:04:17]} fxe6 {[%emt 0:00:42]} 27. Red3 {[%emt 0:07:03]} Ne4 {[%emt 0:03:16]} 28. Kg1 {[%emt 0:00:17]} Rxc4 {[%emt 0:02:49]} 29. Bf3 {[%emt 0:00:08]} Ng5 {[%emt 0:08:34]} 30. Nf5+ {[%emt 0:01:40]} gxf5 {[%emt 0:01:55]} 31. Rxd6 {[%emt 0:00:05]} Nxf3+ {[%emt 0:00:07]} 32. gxf3 {[%emt 0:00:01]} Bc6 {[%emt 0:00:00]} 33. R6d4 {[%emt 0:03:54]} Rc2 {[%emt 0:00:38]} 34. R1d2 {[%emt 0:00:34]} Rxd2 {[%emt 0:00:21]} 35. Rxd2 {[%emt 0:00:01]} Bxf3 {[%emt 0:00:01]} 36. Kf2 {[%emt 0:00:44]} Bc6 {[%emt 0:00:30]} 37. Rd4 {[%emt 0:00:26]} Kf6 {[%emt 0:01:32]} 38. Rd8 {[%emt 0:00:50]} e5 {[%emt 0:00:11]} 39. h4 {[%emt 0:00:18]} f4 {[%emt 0:01:18]} 40. Rf8+ {[%emt 0:00:33]} Kg6 {[%emt 0:01:57]} 41. b4 {[%emt 0:00:21]} h6 {[%emt 0:00:43]} 42. a3 {[%emt 0:00:24]} Bd7 {[%emt 0:02:28]} 43. Rb8 {[%emt 0:00:28]} Bc6 {[%emt 0:00:44]} 44. Rf8 {[%emt 0:00:02]} Bd7 {[%emt 0:00:29]} 45. Rb8 {[%emt 0:00:01]} e4 {[%emt 0:00:20]} 46. Rxb7 {[%emt 0:00:05]} e3+ {[%emt 0:00:39]} 47. Ke1 {[%emt 0:00:03]} Bb5 {[%emt 0:00:32]} 48. a4 {[%emt 0:01:28]} Bxa4 {[%emt 0:00:31]} 49. Rb6+ {[%emt 0:00:01]} Kf5 {[%emt 0:00:20]} 50. Rxa6 Bb3 {[%emt 0:00:30]} 51. Rxh6 {[%emt 0:01:27]} f3 {[%emt 0:00:26]} 52. Rh8 {[%emt 0:00:12]} Kg4 {[%emt 0:00:44]} 53. Rf8 {[%emt 0:00:48]} Bd5 {[%emt 0:00:30]} 54. h5 {[%emt 0:00:51]} Kg5 {[%emt 0:00:28]} 55. b5 {[%emt 0:00:38]} f2+ {[%emt 0:00:20]} 56. Ke2 {[%emt 0:00:46]} Bc4+ {[%emt 0:00:06]} 57. Kxe3 {[%emt 0:00:04]} f1=Q {[%emt 0:00:07]} 58. Rxf1 {[%emt 0:00:22]} 1/2-1/2

[Event "8th RTU Open 2018"]
[Site "Riga"]
[Date "2018.08.09"]
[Round "6"]
[White "Modler, Andreas"]
[Black "Zakhartsov, Viacheslav V"]
[Result "0-1"]
[WhiteElo "2278"]
[BlackElo "2544"]
[Annotator "ChessBase"]
[PlyCount "102"]
[EventDate "2018.08.06"]
[EventType "swiss"]
[EventCountry "LAT"]
[SourceTitle "playchess.com"]
[Source "ChessBase"]
[SourceQuality "1"]
[TimeControl "5400+30"]

1. c4 {[%emt 0:00:00]} g6 {[%emt 0:00:28]} 2. Nc3 {[%emt 0:00:00]} Bg7 {[%emt 0:00:08]} 3. g3 {[%emt 0:00:00]} Nf6 {[%emt 0:00:29]} 4. Bg2 {[%emt 0:00:00]} O-O {[%emt 0:00:13]} 5. e4 {[%emt 0:00:29]} d6 {[%emt 0:00:20]} 6. Nge2 {[%emt 0:00:07]} c5 {[%emt 0:00:07]} 7. O-O {[%emt 0:01:27]} Nc6 {[%emt 0:00:05]} 8. d3 {[%emt 0:00:06]} Bd7 {[%emt 0:10:04]} 9. h3 {[%emt 0:03:38]} Ne8 {[%emt 0:05:33]} 10. Be3 {[%emt 0:04:08]} Nd4 {[%emt 0:02:21]} 11. Rb1 {[%emt 0:02:11]} a5 {[%emt 0:05:28]} 12. f4 {[%emt 0:08:56]} e6 {[%emt 0:22:05]} 13. g4 {[%emt 0:10:20]} Rb8 {[%emt 0:01:18]} 14. a4 {[%emt 0:01:07]} Nc7 {[%emt 0:04:50]} 15. Nb5 {[%emt 0:14:28]} Ncxb5 {[%emt 0:04:52]} 16. axb5 {[%emt 0:00:17]} Nxe2+ {[%emt 0:04:30]} 17. Qxe2 {[%emt 0:00:21]} f5 {[%emt 0:00:35]} 18. exf5 {[%emt 0:10:00]} exf5 {[%emt 0:01:38]} 19. Bd5+ {[%emt 0:00:49]} Kh8 {[%emt 0:00:04]} 20. g5 {[%emt 0:04:52]} Re8 {[%emt 0:00:56]} 21. Kh1 {[%emt 0:05:52]} Be6 {[%emt 0:04:30]} 22. Bg2 {[%emt 0:05:35]} Qd7 {[%emt 0:03:06]} 23. Qf2 {[%emt 0:02:36]} d5 {[%emt 0:01:22]} 24. b3 {[%emt 0:00:54]} b6 {[%emt 0:01:25]} 25. Rbd1 {[%emt 0:00:51]} Rbd8 {[%emt 0:03:17]} 26. Bf3 {[%emt 0:00:26]} Qf7 {[%emt 0:00:19]} 27. Bc1 {[%emt 0:06:08]} Rd6 {[%emt 0:01:09]} 28. Rfe1 {[%emt 0:04:14]} Red8 {[%emt 0:01:09]} 29. Bb2 {[%emt 0:01:21]} Bxb2 {[%emt 0:07:13]} 30. Qxb2+ {[%emt 0:00:08]} Qg7 {[%emt 0:00:01]} 31. Qxg7+ {[%emt 0:01:14]} Kxg7 {[%emt 0:00:01]} 32. Kg2 {[%emt 0:00:41]} Kf7 {[%emt 0:00:20]} 33. Kf2 {[%emt 0:00:57]} dxc4 {[%emt 0:02:57]} 34. dxc4 {[%emt 0:00:22]} a4 {[%emt 0:04:07]} 35. Rxd6 {[%emt 0:01:38]} Rxd6 {[%emt 0:00:00]} 36. bxa4 {[%emt 0:00:18]} Bxc4 {[%emt 0:00:03]} 37. Ra1 {[%emt 0:01:10]} Rd2+ {[%emt 0:00:23]} 38. Ke3 {[%emt 0:00:53]} Rd3+ {[%emt 0:02:26]} 39. Kf2 {[%emt 0:00:15]} Rb3 {[%emt 0:00:14]} 40. h4 {[%emt 0:03:11]} Ke6 {[%emt 0:00:41]} 41. h5 {[%emt 0:02:10]} gxh5 {[%emt 0:03:32]} 42. Bxh5 {[%emt 0:00:09]} Bd5 {[%emt 0:00:10]} 43. Be2 {[%emt 0:03:55]} Rb4 {[%emt 0:01:39]} 44. a5 {[%emt 0:01:09]} bxa5 {[%emt 0:00:47]} 45. Rxa5 {[%emt 0:00:08]} Rxf4+ {[%emt 0:00:11]} 46. Kg3 {[%emt 0:00:48]} Rb4 {[%emt 0:00:34]} 47. Ra7 {[%emt 0:00:37]} f4+ {[%emt 0:00:16]} 48. Kf2 {[%emt 0:01:02]} Rb2 {[%emt 0:01:03]} 49. Kf1 {[%emt 0:00:42]} f3 {[%emt 0:01:26]} 50. Bd3 {[%emt 0:00:36]} Rd2 {[%emt 0:01:18]} 51. Rxh7 {[%emt 0:01:38]} Rxd3 {[%emt 0:00:06]} 0-1

[Event "8th RTU Open 2018"]
[Site "Riga"]
[Date "2018.08.09"]
[Round "6"]
[White "Sorensen, Hampus"]
[Black "Anurag, Mhamal"]
[Result "1/2-1/2"]
[WhiteElo "2267"]
[BlackElo "2484"]
[Annotator "TA"]
[PlyCount "55"]
[EventDate "2018.08.06"]
[EventType "swiss"]
[EventCountry "LAT"]
[SourceTitle "playchess.com"]
[Source "ChessBase"]
[SourceQuality "1"]

{[%evp 32,55,0,0,0,-6,-5,-13,-10,-10,-25,-12,-16,-20,0,0,2,2,5,-4,0,0,0,0,0,0]} 1. d4 Nf6 2. c4 e6 3. Nf3 c5 4. d5 d6 5. Nc3 exd5 6. cxd5 g6 7. h3 Bg7 8. e4 O-O 9. Bd3 b5 10. Nxb5 Re8 11. O-O Nxe4 12. Re1 a6 13. Nc3 {A70: Benoni (Hauptsystem)} (13. Na3 Nf6 14. Rxe8+ Nxe8 15. Nc4 Nd7 16. Bf4 Ndf6 17. Ne3 Nh5 18. Bg5 Bf6 19. h4 Rb8 20. b3 Bxg5 21. hxg5 f6 22. gxf6 Qxf6 23. Rc1 Nc7 24. Rc4 Nf4 25. Qd2 Bd7 26. Ng4 Bxg4 27. Rxf4 Qa1+ 28. Bf1 Bxf3 29. Rxf3 Re8 30. Qf4 {1-0 (30) Mamedyarov,S (2809)-Svidler,P (2760) Moscow 2018}) 13... Nxc3 14. Rxe8+ Qxe8 15. bxc3 Bxc3 16. Rb1 Nd7 17. Qa4 {[#] LiveBook: 13 Partien. Droht Dc6 und aus.} Qd8 18. Qc6 Rb8 {[#]} 19. Qxd6 $146 ({Vorgänger:} 19. Bf4 Rxb1+ 20. Bxb1 Nf6 {1-0 (55) Fressinet,L (2697)-Iturrizaga Bonelli,E (2614) Pamplona 2010}) 19... Rxb1 20. Bxb1 Qb6 21. Qxb6 Nxb6 {Die Stellung ist ausgeglichen.} 22. d6 c4 23. Be4 Bb4 24. Be3 Nd7 25. Bd4 a5 26. Bd5 c3 27. Ne1 Bxd6 28. Bxc3 1/2-1/2

[Event "8th RTU Open 2018"]
[Site "Riga"]
[Date "2018.08.09"]
[Round "6"]
[White "Stauskas, Lukas"]
[Black "Kjartansson, Gudmundur"]
[Result "0-1"]
[WhiteElo "2256"]
[BlackElo "2434"]
[Annotator "TA"]
[PlyCount "78"]
[EventDate "2018.08.06"]
[EventType "swiss"]
[EventCountry "LAT"]
[SourceTitle "playchess.com"]
[Source "ChessBase"]
[SourceQuality "1"]

{[%evp 13,78,23,40,40,54,3,17,10,33,33,55,53,54,50,34,38,50,50,51,35,43,43,47,47,32,15,47,38,64,42,49,54,46,47,55,45,34,8,35,0,37,7,17,13,23,15,16,0,0,0,0,0,434,426,398,389,362,0,0,0,0,-728,-697,-666,-539,-451,-433]} 1. d4 Nf6 2. c4 b6 3. Nc3 Bb7 4. Qc2 d5 5. cxd5 Nxd5 6. e4 Nxc3 {A50: Damenindisch (ohne e7-e6)} 7. bxc3 e5 {LiveBook: 43 Partien} 8. Bb5+ (8. Nf3 Nd7 9. Bc4 Bd6 10. Ng5 O-O 11. O-O Be7 12. f4 Bxg5 13. fxg5 Qe7 14. Bd3 exd4 15. cxd4 {½-½ (38) Le,Q (2737)-Iturrizaga Bonelli,E (2650) chess.com INT 2018}) 8... c6 {Weiß steht etwas besser.} 9. Bc4 ({Lieber} 9. Be2 $1 $14) 9... b5 $11 10. Qb3 Qc7 $146 ({Vorgänger:} 10... Qd7 11. Rb1 exd4 12. cxd4 Na6 13. Bd2 O-O-O 14. Bxf7 Qxd4 {1-0 (46) Baumbach,F-Pedersen ICCF corr 1988}) 11. Bd3 Nd7 12. Nf3 Bd6 13. O-O O-O 14. Be3 a6 15. a4 Rab8 16. dxe5 Bxe5 17. Nxe5 ({Ein No Go ist} 17. axb5 cxb5 18. Bd4 (18. Nxe5 Nxe5 19. Be2 Bxe4 $15) 18... Bd6 $11) 17... Nxe5 18. Be2 Bc8 19. Qc2 Be6 20. axb5 axb5 21. Ra7 (21. f4 {with more complications.} Nd7 22. Ra7 Rb7 23. Ra6 Rbb8 24. Rfa1) 21... Rb7 22. Rxb7 Qxb7 23. f4 Nc4 24. Bd4 f6 25. Bc5 Ra8 26. Rd1 Qc8 27. h3 Qe8 28. Bf3 Bf7 29. Qf2 Bh5 30. Bxh5 Qxh5 31. Rd7 Qg6 32. Qd4 {Schwarz muss nun Td8+ beachten.} Ra1+ $2 {[%mdl 8192]} (32... h5 $11 {und Schwarz ist OK.} 33. Rd8+ Rxd8 34. Qxd8+ Kh7) 33. Kh2 $18 {jetzt Td8+ und aus.} h5 {[#]} 34. Bf8 $1 {[%mdl 512]} Qh6 {[#]} ({Aber nicht} 34... Kxf8 $2 35. Rd8+ Qe8 36. Qc5+ Nd6 37. Rxe8+ Kxe8 38. Qxd6 $18) 35. e5 $2 (35. Bd6 $2 Ra2 $19) ({Weiss kommt nicht vorbei an} 35. Qf2 $1 $18) 35... fxe5 $11 (35... Kxf8 $2 36. e6 $18) 36. fxe5 Ne3 $40 {[%mdl 128] Droht ...Sf1+ und aus. Schwarz hat einigen Angriff.} (36... Kxf8 37. Rd8+ Kf7 38. Qd7+ Kg6 39. Qd3+ Kg5 40. Rf8 Qf6 {[#]} 41. h4+ $1 {[%mdl 512]} Kf4 42. exf6) 37. Bc5 $2 {[%mdl 8192]} (37. Bxg7 $11 Nf1+ 38. Kg1 Ng3+ 39. Kh2 Nf1+ 40. Kg1 Ng3+ 41. Kh2 Nf1+) 37... Nf1+ $19 {Schwarz steht klar auf Gewinn.} 38. Kg1 {Droht stark Td8+.} Ng3+ 39. Kh2 Qg6 {Precision: Weiß = 47%, Schwarz = 53%.} 0-1

[Event "8th RTU Open 2018"]
[Site "Riga"]
[Date "2018.08.09"]
[Round "6"]
[White "Jacobs, Florian"]
[Black "Seeman, Tarvo"]
[Result "1-0"]
[WhiteElo "2255"]
[BlackElo "2405"]
[Annotator "NA"]
[PlyCount "85"]
[EventDate "2018.08.06"]
[EventType "swiss"]
[EventCountry "LAT"]
[SourceTitle "playchess.com"]
[Source "ChessBase"]
[SourceQuality "1"]
[TimeControl "5400+30"]

1. d4 {[%emt 0:00:00]} Nf6 {[%emt 0:00:00]} 2. c4 {[%emt 0:00:00]} g6 {[%emt 0:00:00]} 3. Nc3 {[%emt 0:00:00]} Bg7 {[%emt 0:00:00]} 4. e4 {[%emt 0:00:00]} d6 {[%emt 0:00:00]} 5. Nf3 {[%emt 0:00:00]} O-O {[%emt 0:00:00]} 6. Be2 {[%emt 0:00:00]} e5 {[%emt 0:01:28]} 7. O-O {[%emt 0:00:08]} Nc6 {[%emt 0:00:27]} 8. d5 {[%emt 0:00:08]} Ne7 {[%emt 0:00:05]} 9. Bg5 {[%emt 0:00:18]} Nd7 {[%emt 0:05:47]} 10. Nd2 {[%emt 0:01:06]} f6 {[%emt 0:06:51]} 11. Be3 {[%emt 0:00:12]} f5 {[%emt 0:00:08]} 12. f3 {[%emt 0:00:05]} f4 {[%emt 0:03:11]} 13. Bf2 {[%emt 0:00:05]} g5 {[%emt 0:09:51]} 14. b4 {[%emt 0:00:06]} Nf6 {[%emt 0:02:13]} 15. c5 {[%emt 0:00:16]} h5 {[%emt 0:04:03]} 16. h3 {[%emt 0:00:16]} Bd7 {[%emt 0:04:19]} 17. Nc4 {[%emt 0:03:55]} Nc8 {[%emt 0:00:32]} 18. a4 {[%emt 0:00:40]} Rf7 {[%emt 0:03:25]} 19. c6 {[%emt 0:15:13]} bxc6 {[%emt 0:00:18]} 20. dxc6 {[%emt 0:00:05]} Be6 {[%emt 0:00:18]} 21. Nxe5 {[%emt 0:00:31]} Rf8 {[%emt 0:02:03]} 22. Bc4 {[%emt 0:06:01]} Bxc4 {[%emt 0:04:13]} 23. Nxc4 {[%emt 0:00:08]} Ne7 {[%emt 0:01:05]} 24. Qb3 {[%emt 0:08:59]} Kh8 {[%emt 0:02:49]} 25. Rad1 {[%emt 0:21:29]} Nxc6 {[%emt 0:03:18]} 26. e5 {[%emt 0:00:40]} Ne8 {[%emt 0:01:36]} 27. exd6 {[%emt 0:02:20]} cxd6 {[%emt 0:00:53]} 28. b5 {[%emt 0:02:31]} Ne7 {[%emt 0:02:02]} 29. Nd5 {[%emt 0:05:17]} Nf5 {[%emt 0:02:58]} 30. Rfe1 {[%emt 0:00:48]} Nf6 {[%emt 0:03:29]} 31. Qd3 {[%emt 0:02:06]} Nd7 {[%emt 0:01:55]} 32. Ne7 {[%emt 0:11:24]} Nxe7 {[%emt 0:02:10]} 33. Qxd6 {[%emt 0:00:06]} Nf5 {[%emt 0:01:48]} 34. Qxd7 {[%emt 0:00:14]} Qf6 {[%emt 0:00:18]} 35. Qe6 {[%emt 0:03:09]} Qc3 {[%emt 0:05:10]} 36. Ne5 {[%emt 0:02:08]} Rf6 {[%emt 0:01:55]} 37. Nf7+ {[%emt 0:02:47]} Kh7 {[%emt 0:01:34]} 38. Qd5 {[%emt 0:00:05]} Qc8 {[%emt 0:03:00]} 39. Nxg5+ {[%emt 0:00:33]} Kg6 {[%emt 0:00:08]} 40. Ne4 {[%emt 0:01:15]} Re6 {[%emt 0:02:13]} 41. Nc5 {[%emt 0:02:35]} Rd6 {[%emt 0:00:22]} 42. Re6+ {[%emt 0:00:48]} Rxe6 {[%emt 0:00:08]} 43. Nxe6 {[%emt 0:00:03]} 1-0